00321nam a2200145Ia 45000030006000000080041000060400015000471000024000622450030000862500006001162600020001223000006001425460010001480050017001580STCL150530s9999 xx 000 0 und d aSTCLcSTCL aNand Kishore Vikram aGhalib : Shairi Aur Jivan a1 c2005aNew Delhi a0 aHindi20220125171218.0